| 000 | 00000nam 2200000zi 4500 |
| 001 | 9.908169 |
| 003 | CaOODSP |
| 005 | 20240131134734 |
| 006 | m o d f |
| 007 | cr ||||||||||| |
| 008 | 220216e202312##oncb o f00| 0 eng d |
| 020 | |a9780660421025 |
| 040 | |aCaOODSP|beng|erda|cCaOODSP |
| 043 | |an-cn--- |
| 086 | 1 |aT29-169/2023E-PDF |
| 245 | 00|aCanadian modifications for the Vessel Construction and Equipment Regulations. |
| 250 | |aFirst edition. |
| 264 | 1|a[Ottawa] : |bTransport Canada = Transports Canada, |cDecember 2023. |
| 264 | 4|c©2023 |
| 300 | |a1 online resource (vii, 55 pages) : |bmap |
| 336 | |atext|btxt|2rdacontent |
| 337 | |acomputer|bc|2rdamedia |
| 338 | |aonline resource|bcr|2rdacarrier |
| 500 | |aIssued also in French under title: Modifications canadiennes pour le Règlement sur la construction et l'équipement des bâtiments. |
| 650 | 0|aShipbuilding|xSafety regulations|zCanada. |
| 650 | 0|aShipbuilding|zCanada|xEquipment and supplies. |
| 710 | 1 |aCanada. |bTransport Canada, |eissuing body. |
| 775 | 08|tModifications canadiennes pour le Règlement sur la construction et l'équipement des bâtiments.|w(CaOODSP)9.908172 |
| 856 | 40|qPDF|s994 KB|uhttps://publications.gc.ca/collections/collection_2024/tc/T29-169-2023-eng.pdf |
| 856 | 4 |qHTML|sN/A|uhttps://tc.canada.ca/en/marine-transportation/marine-safety/marine-safety-publications/tp-15415-canadian-modifications-vessel-construction-equipment-regulations |
| 986 | |aTP 15415 E |